KSI Song Quiz - Statistics

General Stats
  • This quiz has been taken 602 times
    239 since last reset
  • The average score is 29 of 85
Answer Stats
Album/EP Answer % Correct
All Over The Place (Deluxe) Holiday
81%
Disstracktions Little Boy
71%
Single Lamborghini (feat. P Money)
70%
All Over The Place Don't Play (feat. Anne-Marie + Digital Farm Animals)
63%
Keep Up EP Keep Up
63%
All Over The Place Really Love (feat. Craig David + Digital Farm Animals)
61%
New Age Beerus
59%
Jump Around Jump Around
59%
Dissimulation Houdini (feat. Tion Wayne & Swarmz)
57%
Dissimulation Down Like That (feat. S-X, Rick Ross & Lil Baby)
56%
All Over The Place No Time (feat. Lil Durk)
56%
New Age New Age
55%
Single Not Over Yet (feat. Tom Grennan)
55%
Disstracktions Earthquake
53%
All Over The Place The Moment
53%
Dissimulation Killa Killa (feat. Aiyana-Lee)
52%
Single Summer Is Over
52%
Disstracktions Two Birds, One Stone
51%
Disstracktions Adam's Apple
50%
All Over The Place Number 2 (feat. Future + 21 Savage)
50%
All Over The Place Patience (feat. YUNGBLUD + Polo G)
50%
All Over The Place You
48%
All Over The Place Gang Gang (feat. Jay1 + Deno
46%
Single Lighter (feat. Nathan Dawe & Ella Henderson)
46%
New Age Slow Motion - Remastered
46%
Dissimulation Cap (feat. Offset)
45%
Space EP Creature
45%
New Age Pull Up
45%
Dissimulation Poppin (feat. Lil Pump & Smokepurpp)
43%
Dissimulation (Deluxe) Poppin (feat. Lil Pump, Smokepurpp & Crypt)
43%
Dissimulation Domain
41%
All Over The Place Madness
41%
New Age Red Alert
41%
Dissimulation Wake Up Call (feat. Trippie Redd)
41%
New Age Real Name
39%
Single Ares
37%
Jump Around Friends With Benefits (FWB)
37%
Single Loose (feat. S1mba)
37%
Dissimulation Millions
37%
Single On Point
35%
Dissimulation Bad Lil Vibe (feat. Jeremih)
34%
All Over The Place No Pressure
34%
Single Uncontrollable (feat. Big Zuu)
34%
New Age Champagne
32%
All Over The Place Flash It (feat. Rico Love)
32%
Space EP Transforming
32%
Disstracktions Medusa
31%
All Over The Place Silly (feat. Bugzy Malone)
31%
Keep Up EP Kilimanjaro
30%
Dissimulation (Deluxe) Tides (feat. AJ Tracey & Rich the Kid)
30%
Dissimulation What You Been On
30%
Single locked out (with S-X)
29%
New Age Roll the Dice
29%
All Over The Place Rent Free (feat. Gracey)
28%
All Over The Place Sleeping With The Enemy (feat. S-X)
28%
Disstracktions Noob
27%
New Age Clean
26%
New Age Bow Down
25%
Dissimulation Undefeated
25%
Jump Around Touch Down
24%
Keep Up EP Smoke 'N' Mirrors
23%
Dissimulation How It Feel
22%
All Over The Place (Deluxe) Jimmy Neutron
22%
Space EP Tommy Gun
22%
Space EP 64 Impala
20%
Dissimulation (Deluxe) Night To Remember (feat. S-X & Randolph)
20%
Jump Around OP
20%
Space EP Idgaf
19%
Dissimulation (Deluxe) Complicated
17%
Space EP Leave Me Alone
17%
Keep Up EP Lambo Refuelled
16%
Keep Up EP Encore
15%
Jump Around Goes Off
15%
Jump Around Sticks & Stones
15%
Single No Sleep (with Sway, Tigger da Author & Tubes)
14%
Single Naruto Drillings - Remix (with Offica)
10%
Single For the Summer (with Randolph)
8%
Single Fine By Me (with Randolph)
5%
All Over The Place (Deluxe) Little Bit Of Fun (feat. Anne-Marie)
5%
Single Player One (with P Money & JME)
5%
Single Subzero (with RIL)
5%
All Over The Place (Deluxe) Lose (with Lil Wayne)
3%
All Over The Place (Deluxe) Know You (feat. S-X & A1 x J1)
1%
All Over The Place (Deluxe) Smoke (feat. Nevve)
1%
All Over The Place (Deluxe) SWERVE (with Jay1)
1%
No matching quizzes found
Score Distribution
Percent of People with Each Score
Percentile by Number Answered
Your Score History
You have not taken this quiz since the last reset